Statistics for Sci-Fi Movie Alphabet

Click here to take the quiz!

General Stats

  • This quiz has been taken 27 times
  • The average score is 14 of 26

Answer Stats

LetterCluesAnswer% Correct
GA movie about a giant lizard.Gojira
100%
KThe titular monster was initially idolized by the natives inhabiting his home island.King Kong
95%
PSet in a world where humans have become like animals with a new species on top.Planet of the Apes
95%
TTime-travelling murder-bots.Terminator
95%
XA superhero movie.X-Men
89%
JSet on an island full gigantic "monsters".Jurassic Park
84%
AParallels the interactions between Native Americans & European settlers.Avatar
79%
F1950's classic involving a failed teleportation machine.The Fly
79%
LA classic involving a man-eating plant.Little Shop of Horrors
74%
SAn British apocalyptic horror/comedy.Shaun of the Dead
74%
MA hard-science fiction film about surviving in isolation.The Martian
74%
CA classic film written and directed by Steven Spielberg.Close Encounters of the Third Kind
68%
WAn animated family movie with very little dialog.Wall-E
63%
RThe Matrix but video games.Ready Player One
47%
EA psychedelic multiverse movie.Everything Everywhere All at Once
42%
IAn analogy to the Red Scare of the 1950's.Invasion of the Body Snatchers
37%
UA superhero movie about an indestructible man.Unbreakable
37%
QA family tries to survive in a post-apocalyptic world.A Quiet Place
32%
ZIn this movie, a game turns a suburban house into a spaceship.Zathura: A Space Adventure
32%
NA dystopian movie based on a novel of the same name.1984
21%
HFrom a multi-media franchise that originally stemmed from a radio broadcast comedy.Hitchhiker's Guide to the Galaxy
16%
VThis film is about a deep-diving submarine.Voyage to the Bottom of the Sea
16%
BInitially called "Space Man from Pluto".Back to the Future
11%
OA film which plays homage to 1970's sci-fi movies.Oblivion
11%
YA dystopian movie where water is scarce. (Good luck.)Young Ones
11%
DA giant insect rampage movie.The Deadly Mantis
5%

Score Distribution

Percentile by Number Answered

Percent of People with Each Score

Your Score History

You have not taken this quiz